000 02188cam a22004574i 4500
003 PE-LiUPU
005 20250731173327.0
008 150710s r 000 0 d
020 _a1575540371
035 _a(Sirsi) i9781575540375
040 _aPE-LiUPU
_bspa
_cPE-LiUPU
_erda
049 _aPRUA
082 0 4 _a286.7325
_bTPI
_221
100 1 _aWhite, Elena G. de,
_d1827-1915,
_eautor.
245 1 0 _aTestimonios para la iglesia :
_bcontiene los testimonios nº 21 al nº 25.3 /
_cElena G. de White.
264 1 _aFlorida :
_bInteramericana,
_c2004.
300 _a674 páginas ;
_c21 centímetros
336 _atext
_2rdacontent
337 _aunmediated
_2rdamedia
338 _avolume
_2rdacarrier
505 0 _aNúmero 21-25: Testimonio para la iglesia -- Una apelación a los que llevan cargas -- Capacidad no santificada -- Mentes desequilibradas -- Adventistas opositores -- Amistad íntima con mundanos -- La causa en Nueva York -- Parientes en la iglesia -- Obreros para Dios -- Experiencia no digna de confianza -- La fidelidad de los deberes domésticos -- Orgullo y pensamientos vanos -- La obra en Battle Creek -- Pruebas peculiares -- Parábolas de los perdidos -- La oveja perdida -- La dracma perdida -- El hijo pródigo -- Trabajo entre las iglesias -- El sembrador del evangelio -- El trigo y la cizaña -- A padres ricos..
526 _aSEG42
526 _aSEG41
526 _aSEG40
526 _aSEG39
526 _aP94
526 _aP87
526 _aP86
526 _aP85
526 _aP77
526 _aP76
526 _aP35
541 _g001-000386;
610 2 _aIASD
_xDoctrinas.
650 0 4 _aAdventistas del séptimo día
_xDoctrinas.
942 _2ddc
_cBOOK
949 _a286.7325 TPI 3
_wDEWEY
_c1
_i58714
_lCCODEBUL1
_mBUL
_p22.00
_r0
_sY
_tBOOK
_u2015-7-10
_xTEOLOGIA
_PP35
_0COMPRA
_o.STAFF. Colección General
994 _aC0
_bPEPRU
596 _a1
999 _a286.7325 TPI 3
_wDEWEY
_c47588
_i58714
_d47588
_e2019-10-21
_f2021-11-11
_g5
_lCCODEBUL1
_mBUL
_n6
_p22.00
_q5
_r0
_sY
_tBOOK
_u2015-7-10
_xTEOLOGIA
_PP35
_0COMPRA
_o.STAFF. Colección General
980 _81
_gALBERTO SANCHEZ Responsable de Automatización